00646nam a2200193Ia 4500008004100000020001700041040001400058082002200072100001900094245003600113260003600149300001300185365002800198366000800226505002000234620012600254630003600380730003600416100315s9999 xx 000 0 und d a8171942504  cENGLISH  b4026 a336.294  a"Datey, V.S. " aIndirect Taxes : Law & Practice aNew Delhi bTaxmann  c2001  a804p.   eRupees d1 b260.00  f0  gTushar Jadhav  a"Background of Indirect Law, Liability of Central Excise Duty, Classification of goods, Valuation Under Central Excise " aIndirect Taxes : Law & Practice aIndirect Taxes : Law & Practice